Kam směřuje trh práce?

Nedostatok kvalifikovaných pracovníkov v technických profesiách. Snaha firiem získať študentov zo stredných a vysokých škôl technického zamerania. Kandidáti si diktujú atraktívne podmienky. Rodina rozhoduje o mobilite zamestnanca. IT špecialisti na voľnej nohe (freelancer). Dôležitosť možnosti práce...

Ausführliche Beschreibung

Gespeichert in:
Bibliographische Detailangaben
1. Verfasser: Navarová, Hana
Format: Buchkapitel
Sprache:Tschechisch
Schlagworte:
Tags: Tag hinzufügen
Keine Tags, Fügen Sie das erste Tag hinzu!

MARC

LEADER 00000naa a2200000 4500
001 0262615
005 20200225114942.9
041 0 |a cze 
044 |a CZ 
245 1 0 |a Kam směřuje trh práce?  |c Hana Navarová 
520 |a Nedostatok kvalifikovaných pracovníkov v technických profesiách. Snaha firiem získať študentov zo stredných a vysokých škôl technického zamerania. Kandidáti si diktujú atraktívne podmienky. Rodina rozhoduje o mobilite zamestnanca. IT špecialisti na voľnej nohe (freelancer). Dôležitosť možnosti práce z domu (home office). 
610 2 0 |a trh práce 
610 2 0 |a práca z domu 
610 2 0 |a zamestnanci 
610 2 0 |a zamestnávatelia 
610 2 0 |a technika 
610 2 0 |a pohyb síl pracovných 
100 1 |a Navarová, Hana